BURGESS je největším evropským výrobcem mikrospínačů.

Popis technických vlastností mikrospínačov, ich využitie. Nemecká firma Burgess - jeden z najvýznamnejších výrobcov priemyslovej elektroniky. Pôvod mikrospínačov. Kto bol Dr. Charles F. Burgess? História rozvoja firmy Burgess. Sortiment mikrospínačov, ktoré dnes firma ponúka. Tepelná odolnosť mikros...

Description complète

Enregistré dans:
Détails bibliographiques
Format: Chapitre de livre
Langue:tchèque
Sujets:
Tags: Ajouter un tag
Pas de tags, Soyez le premier à ajouter un tag!

MARC

LEADER 00000naa a2200000 4500
001 r006209
005 20221125080813.6
041 0 |a cze 
044 |a [CS] 
245 1 0 |a BURGESS je největším evropským výrobcem mikrospínačů. 
520 |a Popis technických vlastností mikrospínačov, ich využitie. Nemecká firma Burgess - jeden z najvýznamnejších výrobcov priemyslovej elektroniky. Pôvod mikrospínačov. Kto bol Dr. Charles F. Burgess? História rozvoja firmy Burgess. Sortiment mikrospínačov, ktoré dnes firma ponúka. Tepelná odolnosť mikrospínačov. 
610 2 0 |a technika 
610 2 0 |a elektronika 
610 2 0 |a Burgess, F. 
610 2 0 |a firmy 
610 2 0 |a sortiment 
610 2 0 |a BURGESS